Úplné znenie vyhlášky Ministerstva financií Slovenskej republiky č. 87/1996 Z.z., ktorou sa vykonáva zákon ...

Úplné znenie vyhlášky Ministerstva financií SR č. 87/1996 Z.z., ktorou sa vykonáva zákon NR SR č. 18/1996 Z.z. o cenách, v znení vyhlášky č. 375/1999 Z.z. Vyhláška č. 375/1999 Z.z. nadobudla účinnosť 1. januára 2000.

Gespeichert in:
Bibliographische Detailangaben
Format: Buchkapitel
Sprache:Slowakisch
Schlagworte:
Tags: Tag hinzufügen
Keine Tags, Fügen Sie das erste Tag hinzu!

MARC

LEADER 00000naa a2200000 4500
001 r039284
005 20230809073736.8
041 0 |a slo 
044 |a SK 
245 1 0 |a Úplné znenie vyhlášky Ministerstva financií Slovenskej republiky č. 87/1996 Z.z., ktorou sa vykonáva zákon ... 
520 |a Úplné znenie vyhlášky Ministerstva financií SR č. 87/1996 Z.z., ktorou sa vykonáva zákon NR SR č. 18/1996 Z.z. o cenách, v znení vyhlášky č. 375/1999 Z.z. Vyhláška č. 375/1999 Z.z. nadobudla účinnosť 1. januára 2000. 
610 2 0 |a ceny 
610 2 0 |a vyhlášky 
610 2 0 |a MF SR Bratislava 
610 2 0 |a január 
610 2 0 |a 2000